đŸŽ¶ Paroles "Le dilemme" (Les 10 commandements) - Statistiques

Statistiques générales
  • Ce quiz a Ă©tĂ© pris 57 fois
  • Le rĂ©sultat moyen est 186 sur 222
Statistiques - réponses
Mots % Correct
Ă 
100%
j'
100%
et
96%
Et
96%
Je
96%
(Je
96%
l'
96%
le
96%
m'
96%
me
96%
qu'
96%
Qu'
96%
Qui
96%
qui
96%
dire
92%
dire)
92%
Moi
92%
moi
92%
pouvoir
92%
Pouvoir
92%
(Aime-
88%
aimer
88%
Aimer
88%
aimerais
88%
amour
88%
avoir
88%
les
88%
Les
88%
ou
88%
sans
88%
Sans
88%
un
88%
choisir
85%
choisir...
85%
pourra
85%
amitié
81%
des
81%
fermés
81%
peu
81%
yeux
81%
deux
77%
il
77%
ouvrir
77%
sera
77%
comment
73%
dans
73%
Entre
73%
fera
73%
lequel
73%
Lequel
73%
Mais
73%
ne
73%
partager
73%
saura
73%
sourire
73%
ton
73%
Tous
73%
une
73%
attire
69%
avenir)
69%
désire
69%
empire
69%
regard
69%
serai
69%
trahir
69%
trahir)
69%
faille
65%
faire
65%
jamais
65%
admire
62%
Celui
62%
plaisir
62%
espérance
58%
heureux
58%
soit
58%
te
58%
souffrir
54%
celle
50%
encore
42%
conquérir)
38%
(Laisse-
38%
rester
38%
Aucun quiz correspondant
Distribution des résultats
% des personnes avec chaque résultat
Percentile par nombre de réponses
Votre historique - résultats
Vous n’avez pas pris ce quiz